| 000 | 00890nam a22002177a 4500 | ||
|---|---|---|---|
| 005 | 20150701114717.0 | ||
| 008 | 140714b xxu||||| |||| 00| 0 Urdu d | ||
| 010 | _aUR-9138 | ||
| 020 | _c300.00 | ||
| 035 | _aU-7693 | ||
| 037 | _bDBAD | ||
| 040 |
_aDPL _bUrdu |
||
| 082 | _a954.022 | ||
| 100 | _aمو لف :شمش ا لعلما ء مو لو ی ذ کا ء اللہ | ||
| 245 |
_aا و ر نگ ز يب عا لمگير کے حا لا ت ،و ا عا ت تا ر يخ کے آ ينے مين _cمو لف :شمش ا لعلما ء مو لو ی ذ کا ء اللہ |
||
| 246 | h |
_aAurangzeb Alamgeer ke Halat,Waqiyat,Tarikh ke Aine men _bBy Shamshul Ulma Molvi Zakaullah |
|
| 260 |
_bAreeb Publications _c2011 _aNew Delhi |
||
| 270 |
_a1542,Patoudi House,Darya Ganj _bNew Delhi _k43549461 _e110002 |
||
| 300 |
_a495ص _c22Cm (Hb) |
||
| 942 |
_2ddc _cUR _e _h954.022 _mش م ش |
||
| 999 |
_c94582 _d94582 |
||